Successful parenting : Your growing child
| Format: | Book |
|---|---|
| Published: |
Virginia :
Time-Life Books ,
1987
|
| Series: | Successful Parenting
|
| Subjects: |
MARC
| LEADER | 00000cam a2200000 7i4500 | ||
|---|---|---|---|
| 001 | 0000004541 | ||
| 002 | 000004896 | ||
| 005 | 20000330.0 | ||
| 020 | |a 0809459167 | ||
| 090 | 0 | 0 | |a 649 |b SUC |
| 245 | 0 | 0 | |a Successful parenting : |b Your growing child |
| 260 | |a Virginia : |b Time-Life Books , |c 1987 | ||
| 300 | |a 144p. : |b ill. ; |c 25cm. | ||
| 490 | 0 | |a Successful Parenting | |
| 500 | |a Library has 10 titles | ||
| 650 | 0 | 0 | |a Child development |
| 999 | |a 015358 |b BUKU |c PINJAMAN |e PERPUSTAKAAN KOMUNITI PETALING JAYA | ||